| 000 | 01027nam a2200241 a 4500 | ||
|---|---|---|---|
| 001 | BRCA_9049 | ||
| 005 | 20190320210515.0 | ||
| 008 | 010917s1785----sp-a######---#000-0#spa-# | ||
| 041 | _aspa | ||
| 044 | _asp | ||
| 084 |
_aBE130 _b.P58 1785 |
||
| 100 | 1 |
_aPluche, Noël Antoine _d1688-1761 _921346 |
|
| 245 | 1 | 0 |
_aEspectáculo de la naturaleza, o conversaciones acerca de las particularidades de la historia natural, que han parecido más a propósito para excitar una curiosidad útil, y formarles la razón a los jóvenes lectores _cescrito en idioma francés por el Abad M. Pluche y traducido al castellano. |
| 260 |
_aMadrid _bEn la Imprenta de Andrés de Sotos _c1785 |
||
| 300 |
_a266 p. (t.1, pte.1) _bil. _c20.8 x 15.3 cm |
||
| 500 | _aCon las licencias necesarias | ||
| 500 | _aEstado físico: presenta encuadernación en piel | ||
| 505 | 0 | _aContenido: T.1 Pte.1 | |
| 650 | 1 | 4 |
_aCiencias naturales _yObras anteriores a 1800 _921347 |
| 700 | 1 |
_aSotos, Andrés de _eImpresor _922417 |
|
| 902 | _aCFM | ||
| 942 |
_2lcc _cB |
||
| 999 |
_c8699 _d8699 |
||